Lecciones de derecho internacional público /
Guardado en:
| Autor Principal: | |
|---|---|
| Otros Autores: | , , , , , , , , , , , , , , , , , , , , , , , , , , , , , , , |
| Formato: | Libro |
| Idioma: | Spanish |
| Publicado: |
Buenos Aires :
Erreius,
2015.
|
| Edición: | 1a. ed. |
| Materias: | |
| Etiquetas: |
Agregar Etiqueta
Sin Etiquetas, Sea el primero en etiquetar este registro!
|
| LEADER | 01776nam a22005535a 4500 | ||
|---|---|---|---|
| 001 | DER.der012853 | ||
| 008 | 180615s2015####ag#####|###|#|######spa|| | ||
| 005 | 20241031175529.0 | ||
| 245 | 1 | 0 | |a Lecciones de derecho internacional público / |c coordinado por Silvina S. González Napolitano. |
| 250 | |a 1a. ed. | ||
| 260 | |a Buenos Aires : |b Erreius, |c 2015. | ||
| 300 | |a 1023 p. | ||
| 020 | |a 9789870118176 | ||
| 100 | 1 | |a González Napolitano, Silvina S., |e coord. | |
| 700 | 1 | |a Alvarez, Omar Alberto. | |
| 700 | 1 | |a Armas Pfirter, Frida M. | |
| 700 | 1 | |a Barreiros, Lucas E. | |
| 700 | 1 | |a Bilbao, Patricia. | |
| 700 | 1 | |a Bottini, Gabriel. | |
| 700 | 1 | |a Bruno, María Victoria. | |
| 700 | 1 | |a Buis, Emiliano J. | |
| 700 | 1 | |a Etchegorry, María Alejandra. | |
| 700 | 1 | |a Fellay, Milton. | |
| 700 | 1 | |a Franck, Pablo. | |
| 700 | 1 | |a Gracia, María Belén. | |
| 700 | 1 | |a Jarast, Federico. | |
| 700 | 1 | |a Lavista, Verónica. | |
| 700 | 1 | |a Lobato Halajczuk, Patricia L. | |
| 700 | 1 | |a Lozza, Mariana. | |
| 700 | 1 | |a Lucero, Erica S. | |
| 700 | 1 | |a Makowski, Gisela. | |
| 700 | 1 | |a Mandayo, Fernando. | |
| 700 | 1 | |a Marsico, Osvaldo N. | |
| 700 | 1 | |a Fernández Mausel, Diego. | |
| 700 | 1 | |a Mendicoa, Jorgelina E. | |
| 700 | 1 | |a Miguez, Adrián. | |
| 700 | 1 | |a Mollar, Marcos Nelio. | |
| 700 | 1 | |a Niebuhr, Agustín Leonardo. | |
| 700 | 1 | |a Oyarzabal, Mario. | |
| 700 | 1 | |a Peréz Aznar, Facundo. | |
| 700 | 1 | |a Pezzot, Romina E. | |
| 700 | 1 | |a Rojo, Sergio Alejandro. | |
| 700 | 1 | |a Romanello, Maximiliano. | |
| 700 | 1 | |a Rosignolo, María Fernanda. | |
| 700 | 1 | |a Vernet, Paula M. | |
| 700 | 1 | |a Vigevano, Marta R. | |
| 650 | 7 | |a DERECHO INTERNACIONAL PUBLICO | |
| 859 | |a DERECHO |b BIB. DERECHO |h 341 |i GON |p 007670 | ||
| 859 | |a DERECHO |b BIB. DERECHO |h 341 |i GON |p 008130 |t 1 | ||
